• 首页
  • 本馆介绍
  • 公告通知
  • 最新文献
  • 馆藏检索
  • 电子资源
  • 读者导购
  • 参考咨询
  • 我的图书馆
  • 登录
  • 详细信息显示
  • 放入我的书架
  • 预约/预借图书
  • 作者相关作品
  • 分类相关作品
  • 丛书相关作品
  • 出版社相关作品

书目信息

  • 表格格式
  • 工作单格式
  • 卡片格式
题名:
地磁学教程
    
 
作者: ;北京大学 中国科学技术大学 地球物理教研室 编
分册:  
出版信息: 北京   地震出版社  1986
页数:
开本:
丛书名:
单 册:
中图分类: P318
科图分类:
主题词: 固体地球物理学 , 岩石--物理学
电子资源:
ISBN:
000 00676nam0 2200181 450
001 0736196517
005 20070924100316.51
010    @d¥2.40
100    @a20070924d km y0chiy0120 ea
101 0  @achi
200 1  @a地磁学教程@Adi ci xue jiao cheng@f北京大学 中国科学技术大学 地球物理教研室编@Fbei jing da xue zhong guo ke xue ji shu da xue di qiu wu li jiao yan shi bian
210    @a北京@c地震出版社@d1986
606 0  @a固体地球物理学
606 0  @a岩石@x物理学
690    @aP318@v3
711 02 @a北京大学 中国科学技术大学 地球物理教研室@Abei jing da xue zhong guo ke xue ji shu da xue di qiu wu li jiao yan shi@4编
801  0 @aCN@bPFT@c20070924
905    @a213230@dP318@eZY4@f1
    
    地磁学教程/北京大学 中国科学技术大学 地球物理教研室编.-北京:地震出版社,1986
    
    
    
    ISBN :¥2.40
    
●
相关链接 在E读中查询图书 在五车中查询图书 在当当中查询图书 在豆瓣中查询图书


正题名:地磁学教程     索取号:P318/ZY4         预约/预借

序号 登录号 条形码 馆藏地/架位号 状态 备注
1 7900931   279009314   资源管理系资料室/ [索取号:P318/ZY4] 在馆    
唐山师范学院图书馆 欢迎您!
大连网信软件有限公司© 版权所有